Science challenging Aids : final program : 7. international conference on AIDS : Florence 16-21 June 1991.

Uloženo v:
Podrobná bibliografie
Korporace: International conference on AIDS Firenze, Istituto superiore di sanità
Médium: Konferenční příspěvek Kniha
Jazyk:angličtina
Vydáno: [S.l. : s.n.], stampa 1991
Témata:
Tagy: Přidat tag
Žádné tagy, Buďte první, kdo vytvoří štítek k tomuto záznamu!

MARC

LEADER 00000nam a22000007i 4500
001 IT\ICCU\UFI\0343004
003 ItRI
005 20260115232226.0
008 000627s1991 it |||||| ||||| |||||c
040 |b ita  |c importazione bologna sebina 
041 7 |a eng  |2 ISO-639-2 
082 |a 616.9792  |9 MALATTIE DA DEFICIENZA IMMUNITARIA. SINDROME DA IMMUNODEFICIENZA ACQUISITA  |2 19 
082 |a 616.9792  |9 MALATTIE DA DEFICIENZA IMMUNITARIA. SINDROME DA IMMUNODEFICIENZA ACQUISITA  |2 20 
111 2 |a International conference on AIDS  |n  (7. :  |c Firenze :  |d 1991)  |0 IT\ICCU\UFIV\140507 
245 0 0 |a Science challenging Aids :  |b final program : 7. international conference on AIDS : Florence 16-21 June 1991. 
260 |a [S.l. :  |b s.n.],  |c stampa 1991  |e (Roma :  |f SO.GRA.RO) 
300 |a 319 p. :  |b 28 cm. 
650 7 |a Sindrome da immunodeficienza acquisita  |x Congressi  |x Firenze  |x 1991  |2 scbi 
710 2 |a Istituto superiore di sanità  |0 IT\ICCU\CFIV\018265 
791 2 |a ISS  |3 IT\ICCU\BVEV\213428  |z Istituto superiore di sanità 
942 |2 ddc  |c BK  |n 0 
952 |0 0  |1 0  |4 0  |6 A_616_979000000000000_IST  |7 0  |9 22347  |a BO  |b BO  |d 2026-01-15  |i 3099  |l 0  |o A 616.979 IST  |p BO3099  |r 2026-01-15 23:22:26  |w 2026-01-15  |x [Sebina 7] [1 v.]  |y BK  |z 1 v. 
999 |c 19084  |d 19084